000 00518nam a22002057a 4500
003 UA-OsUOA
001 38239
007 ta
008 20060503b un ||||| |||| 00| 0 ukr d
090 _a32
_bП11
942 _cSA
040 _aUA-OsUOA
_bukr
_cUA-OsUOA
_dUA-OsUOA
245 _aПро внесення змін до статті 181 Сімейного кодексу України
300 _a40 с.
955 _a0
041 _aukr
080 _a32
773 0 _w38237
650 7 _a32 Політика
_2UDC
999 _c324404
_d324404